[Event "Senta op-B 17th"]
[Site "Senta"]
[Date "2013.07.16"]
[Round "5"]
[White "Vilagos, Emil"]
[Black "Posa, Janos"]
[Result "1-0"]
[WhiteElo "1603"]
[BlackElo "1885"]
[PlyCount "65"]
[EventDate "2013.07.13"]
[EventType "swiss"]
[EventRounds "9"]
[EventCountry "SRB"]
[SourceTitle "EXT 2014"]
[Source "ChessBase"]
[SourceDate "2013.11.20"]
[SourceVersion "1"]
[SourceVersionDate "2013.11.20"]
[SourceQuality "1"]

1. e4 c6 2. d4 d5 3. Nc3 dxe4 4. Nxe4 Nf6 5. Nxf6+ exf6 6. Bc4 Bd6 7. Nf3 0-0 8. 0-0 Qc7 9. h3 Nd7 10. Bb3 c5 11. Qe2 b6 12. Bd5 Bb7 13. Bxb7 Qxb7 14. Re1 Qb8 15. Bd2 cxd4 16. Nxd4 Qb7 17. Nf5 Be5 18. Rad1 Rfe8 19. Bf4 Re6 20. Qg4 g6 21. Nh6+ Kg7 22. Nf5+ Kh8 23. Bh6 Rg8 24. Nd4 f5 25. Qf3 Qc7 26. Nxe6 fxe6 27. Bg5 Nf6 28. Bxf6+ Bxf6 29. Rxe6 Bxb2 30. Qc6 Qf4 31. c3 Ba3 32. Re8 Bc5 33. Qf6# 1-0

[Event "Battle of Senta op-B 15th"]
[Site "Senta"]
[Date "2011.07.19"]
[Round "5"]
[White "Tomin, Ksenija"]
[Black "Vilagos, Emil"]
[Result "1-0"]
[WhiteElo "1901"]
[BlackElo "1588"]
[PlyCount "49"]
[EventDate "2011.07.16"]
[EventType "swiss"]
[EventRounds "9"]
[EventCountry "SRB"]
[SourceTitle "EXT 2019"]
[Source "ChessBase"]
[SourceDate "2018.10.10"]
[SourceVersion "1"]
[SourceVersionDate "2018.10.10"]
[SourceQuality "1"]

1. e4 Nf6 2. e5 Nd5 3. d4 d6 4. c4 Nb6 5. exd6 cxd6 6. Nc3 g6 7. Nf3 Bg4 8. h3 Bxf3 9. Qxf3 Nc6 10. Be3 Bg7 11. Rd1 Qc7 12. b3 0-0 13. Be2 Rad8 14. 0-0 Nb4 15. Rc1 a6 16. Qg3 Nd7 17. a3 Nc6 18. d5 Na5 19. Bd1 Ne5 20. Na4 Nd7 21. c5 Rc8 22. b4 Be5 23. f4 Bg7 24. bxa5 Qxa5 25. c6 1-0

[Event "Senta January op"]
[Site "Senta"]
[Date "2010.01.23"]
[Round "2"]
[White "Vilagos, Emil"]
[Black "Juhasz, Bencze"]
[Result "0-1"]
[WhiteElo "1569"]
[BlackElo "1864"]
[PlyCount "34"]
[EventDate "2010.01.22"]
[EventType "swiss"]
[EventRounds "9"]
[EventCountry "YUG"]
[SourceTitle "EXT 2011"]
[Source "ChessBase"]
[SourceDate "2010.11.26"]
[SourceVersion "1"]
[SourceVersionDate "2010.11.26"]
[SourceQuality "1"]

1. e4 c5 2. Nf3 d6 3. Bb5+ Nc6 4. 0-0 e5 5. c3 f5 6. exf5 Nf6 7. d4 e4 8. d5 a6 9. Ba4 b5 10. dxc6 bxa4 11. Qxa4 exf3 12. Bg5 Bxf5 13. Re1+ Be7 14. Bxf6 gxf6 15. Qh4 0-0 16. Re3 fxg2 17. Rg3+ Kh8 0-1